From obesity to diabetes. / (Record no. 7925)
[ view plain ]
| 000 -LEADER | |
|---|---|
| fixed length control field | 02127pam a2200397 a 4500 |
| 001 - CONTROL NUMBER | |
| control field | 3923296 |
| 003 - CONTROL NUMBER IDENTIFIER | |
| control field | OSt |
| 005 - DATE AND TIME OF LATEST TRANSACTION | |
| control field | 20211105125003.0 |
| 008 - FIXED-LENGTH DATA ELEMENTS--GENERAL INFORMATION | |
| fixed length control field | 920615s1993 enkab b 001 0 eng c |
| 010 ## - LIBRARY OF CONGRESS CONTROL NUMBER | |
| LC control number | 92022840 |
| 020 ## - INTERNATIONAL STANDARD BOOK NUMBER | |
| International Standard Book Number | 0471927651 (cloth) : |
| Terms of availability | £39.50 |
| 040 ## - CATALOGING SOURCE | |
| Original cataloging agency | DNLM/DLC |
| Transcribing agency | DLC |
| Modifying agency | DLC |
| 050 00 - LIBRARY OF CONGRESS CALL NUMBER | |
| Classification number | RC660.F45 |
| 060 ## - NATIONAL LIBRARY OF MEDICINE CALL NUMBER | |
| Classification number | WK 840 F311f |
| 082 00 - DEWEY DECIMAL CLASSIFICATION NUMBER | |
| Classification number | 616.4/62071 |
| Edition number | 20 |
| 100 1# - MAIN ENTRY--PERSONAL NAME | |
| Personal name | Felber, Jean-Pierre. |
| 245 10 - TITLE STATEMENT | |
| Title | From obesity to diabetes. / |
| Statement of responsibility, etc. | Jean-Pierre Felber, Kevin J. Acheson, Luc Tappy. |
| 260 ## - PUBLICATION, DISTRIBUTION, ETC. | |
| Place of publication, distribution, etc. | Chichester, West Sussex, England ; |
| -- | New York : |
| Name of publisher, distributor, etc. | Wiley, |
| Date of publication, distribution, etc. | 1993. |
| 300 ## - PHYSICAL DESCRIPTION | |
| Extent | viii, 302 p. : |
| Other physical details | ill., map ; |
| Dimensions | 24 cm. |
| 504 ## - BIBLIOGRAPHY, ETC. NOTE | |
| Bibliography, etc. note | Includes bibliographical references and index. |
| 505 ## - FORMATTED CONTENTS NOTE | |
| Formatted contents note | Contents: Epidemiological aspects -- Methods for the study of human metabolism in viro -- Insulin secretion -- Insulin resistance -- Energy metabolism -- Endogenous glucose production in obesity and non-insulin-dependent diabetes mellitus -- Obesity and lipid metabolism -- Obesity and carbohydrate metabolism -- Obesity and diabetes -- Evolution from obesity to diabetes -- Protein metabolism --Associated cardiovascular morbidity -- Prevention and therapeutics (A) physiopathological considerations in relation to the evolution of obesity towards diabetes -- Prevention and therapeutics (B) epidemiological and public health considerations -- Time: duration of evolution, succession of events, and alterance of synthesis and mobilization of substrates and hormones -- |
| 650 #0 - SUBJECT ADDED ENTRY--TOPICAL TERM | |
| Topical term or geographic name entry element | Non-insulin-dependent diabetes |
| General subdivision | Risk factors. |
| 650 #0 - SUBJECT ADDED ENTRY--TOPICAL TERM | |
| Topical term or geographic name entry element | Obesity |
| General subdivision | Complications. |
| 650 #0 - SUBJECT ADDED ENTRY--TOPICAL TERM | |
| Topical term or geographic name entry element | Non-insulin-dependent diabetes |
| General subdivision | Etiology. |
| 650 #2 - SUBJECT ADDED ENTRY--TOPICAL TERM | |
| Topical term or geographic name entry element | Diabetes Mellitus, Non-Insulin Dependent |
| General subdivision | etiology. |
| 650 #2 - SUBJECT ADDED ENTRY--TOPICAL TERM | |
| Topical term or geographic name entry element | Diabetes Mellitus, Non-Insulin Dependent |
| General subdivision | physiopathology. |
| 650 #2 - SUBJECT ADDED ENTRY--TOPICAL TERM | |
| Topical term or geographic name entry element | Glucose |
| General subdivision | metabolism. |
| 650 #2 - SUBJECT ADDED ENTRY--TOPICAL TERM | |
| Topical term or geographic name entry element | Insulin |
| General subdivision | metabolism. |
| 650 #2 - SUBJECT ADDED ENTRY--TOPICAL TERM | |
| Topical term or geographic name entry element | Obesity |
| General subdivision | complications. |
| 650 #2 - SUBJECT ADDED ENTRY--TOPICAL TERM | |
| Topical term or geographic name entry element | Obesity |
| General subdivision | physiopathology. |
| 700 1# - ADDED ENTRY--PERSONAL NAME | |
| Personal name | Acheson, Kevin J. |
| 700 1# - ADDED ENTRY--PERSONAL NAME | |
| Personal name | Tappy, Luc. |
| 906 ## - LOCAL DATA ELEMENT F, LDF (RLIN) | |
| a | 7 |
| b | cbc |
| c | orignew |
| d | 1 |
| e | ocip |
| f | 19 |
| g | y-gencatlg |
| 942 ## - ADDED ENTRY ELEMENTS (KOHA) | |
| Source of classification or shelving scheme | Library of Congress Classification |
| Koha item type | Books |
| Withdrawn status | Lost status | Source of classification or shelving scheme | Damaged status | Not for loan | Home library | Current library | Shelving location | Date acquired | Total Checkouts | Full call number | Barcode | Date last seen | Price effective from | Koha item type |
|---|---|---|---|---|---|---|---|---|---|---|---|---|---|---|
| Library of Congress Classification | WISCONSIN INTERNATIONAL UNIVERSITY COLLEGE, GHANA KUMASI LIBRARY | WISCONSIN INTERNATIONAL UNIVERSITY COLLEGE, GHANA KUMASI LIBRARY | nursing | 08/08/2019 | RC660.F45 | KSN/458/19 | 05/11/2021 | 05/11/2021 | Books |
